000 002930000a22000970004500
100 1 _aChung, S.W
245 1 0 _aAn ambivalent disciple : Barth's use of Calvoin in the Göttingen dogmatics
300 _aVol. 8, Núm 1 (1999), Páginas 61-78
773 0 _tEuropean Journal of Theology
942 _cANA
999 _c54000
_d54000